[Event "FIDE WCC Blitz Women 2019"]
[Site "Moscow"]
[Date "2019.12.30"]
[Round "12.2"]
[White "Koneru, Humpy"]
[Black "Abdumalik, Zhansaya"]
[Result "1/2-1/2"]
[WhiteElo "2489"]
[BlackElo "2415"]
[Annotator "ChessBase"]
[PlyCount "80"]
[EventDate "2019.12.29"]
[EventType "swiss"]
[EventCountry "RUS"]
[SourceTitle "playchess.com"]
[Source "ChessBase"]
[SourceQuality "1"]

1. Nf3 Nf6 2. g3 g6 3. b3 Bg7 4. Bb2 b6 5. Bg2 Bb7 6. O-O O-O 7. c4 c5 8. d4 Ne4 9. Nbd2 d6 10. e3 Nd7 11. Qe2 Qc7 12. Rfd1 Nxd2 13. Rxd2 Be4 14. Bh3 Nf6 15. Ng5 Bc6 16. d5 Bd7 17. Bxd7 Qxd7 18. Kg2 h6 19. Nf3 Ne4 20. Rdd1 Nc3 21. Bxc3 Bxc3 22. Rac1 Bg7 23. e4 a6 24. e5 Qf5 25. Re1 Kh7 26. a4 g5 27. h3 Rab8 28. exd6 exd6 29. Qe7 Rfd8 30. Nd2 b5 31. axb5 axb5 32. Qe4 Qxe4+ 33. Rxe4 bxc4 34. bxc4 Rb2 35. Nf3 Ra8 36. Re7 Kg8 37. Rd7 Raa2 38. Rf1 Ra6 39. Re1 Raa2 40. Rf1 Ra6 1/2-1/2

[Event "FIDE WCC Blitz Women 2019"]
[Site "Moscow"]
[Date "2019.12.30"]
[Round "12.4"]
[White "Tan, Zhongyi"]
[Black "Paehtz, Elisabeth"]
[Result "0-1"]
[WhiteElo "2480"]
[BlackElo "2380"]
[Annotator "ChessBase"]
[PlyCount "153"]
[EventDate "2019.12.29"]
[EventType "swiss"]
[EventCountry "RUS"]
[SourceTitle "playchess.com"]
[Source "ChessBase"]
[SourceQuality "1"]

1. c4 d6 2. d4 g6 3. g3 Bg7 4. Bg2 Nf6 5. Nc3 O-O 6. Nf3 Nc6 7. O-O a6 8. Bf4 Rb8 9. Rc1 h6 10. h3 Bd7 11. Qd2 Kh7 12. e4 Nh5 13. Be3 e5 14. d5 Na5 15. Qd3 b6 16. b4 Nb7 17. Nd2 Kh8 18. c5 bxc5 19. bxc5 Nxc5 20. Bxc5 dxc5 21. Qxa6 Qe7 22. Rb1 Ra8 23. Qd3 f5 24. Rb7 Bc8 25. Rb3 Ba6 26. Nb5 f4 27. g4 f3 28. gxh5 fxg2 29. Kxg2 Qg5+ 30. Kh1 Qxh5 31. a4 Rf4 32. Qg3 Raf8 33. Kg2 Qe2 34. Qe3 Qh5 35. Qg3 c4 36. Re3 Bf6 37. Nf3 Bxb5 38. axb5 Be7 39. Rc1 Bc5 40. Rec3 Bb6 41. R1c2 g5 42. Nxe5 Bd4 43. Rf3 Bxe5 44. Rxf4 gxf4 45. Qa3 f3+ 46. Kf1 Qxh3+ 47. Ke1 Bd6 48. Qc3+ Kh7 49. Qxc4 Bf4 50. Ra2 Rg8 51. Qf1 Qxf1+ 52. Kxf1 Bh2 53. Ke1 Rg1+ 54. Kd2 Rg2 55. Ke3 Bd6 56. Kxf3 Rg7 57. Re2 Rf7+ 58. Kg2 Be5 59. Rc2 h5 60. Rc6 Rg7+ 61. Kh3 Rg6 62. Rc5 Kh6 63. Rc2 Rf6 64. Ra2 Rf3+ 65. Kg2 Rf4 66. Ra6+ Kg5 67. f3 Rf6 68. Ra8 h4 69. Rg8+ Rg6 70. Rf8 Kh5+ 71. Kf2 h3 72. Rf5+ Rg5 73. Rxg5+ Kxg5 74. Kg1 Kf4 75. Kf2 h2 76. Kg2 h1=Q+ 77. Kxh1 0-1

[Event "FIDE WCC Blitz Women 2019"]
[Site "Moscow"]
[Date "2019.12.30"]
[Round "12.5"]
[White "Harika, Dronavalli"]
[Black "Kashlinskaya, Alina"]
[Result "1-0"]
[WhiteElo "2445"]
[BlackElo "2282"]
[Annotator "NA"]
[PlyCount "100"]
[EventDate "2019.12.29"]
[EventType "swiss"]
[EventCountry "RUS"]
[SourceTitle "playchess.com"]
[Source "ChessBase"]
[SourceQuality "1"]

1. Nf3 Nf6 2. b3 g6 3. Bb2 Bg7 4. g3 c5 5. Bg2 Nc6 6. O-O O-O 7. c4 d6 8. d4 cxd4 9. Nxd4 Bd7 10. Nc3 Qa5 11. e3 Rac8 12. a3 Bg4 13. Qd2 Qh5 14. f3 Bh3 15. Rad1 Bxg2 16. Kxg2 Rfd8 17. Nxc6 bxc6 18. b4 d5 19. Na4 Ne8 20. Bxg7 Nxg7 21. e4 d4 22. Nc5 e5 23. Nd3 Ne6 24. c5 Re8 25. h4 f5 26. exf5 Qxf5 27. Rde1 Nc7 28. g4 Qf6 29. Qg5 Qxg5 30. hxg5 Nd5 31. Rh1 Ne3+ 32. Kg3 e4 33. fxe4 Rxe4 34. Nf2 Re7 35. Nd1 Rf8 36. Nxe3 dxe3 37. Rhf1 Rd8 38. Rd1 Rd2 39. Rxd2 exd2 40. Rd1 Rd7 41. Kf3 Rd3+ 42. Ke4 Rxa3 43. Rxd2 Ra4 44. Rd4 a5 45. b5 Ra1 46. bxc6 Re1+ 47. Kd5 Kf7 48. c7 Re8 49. Rf4+ Kg7 50. Kc6 a4 1-0

[Event "FIDE WCC Blitz Women 2019"]
[Site "Moscow"]
[Date "2019.12.30"]
[Round "12.6"]
[White "Munguntuul, Batkhuyag"]
[Black "Galliamova, Alisa"]
[Result "0-1"]
[WhiteElo "2282"]
[BlackElo "2415"]
[Annotator "NA"]
[PlyCount "98"]
[EventDate "2019.12.29"]
[EventType "swiss"]
[EventCountry "RUS"]
[SourceTitle "playchess.com"]
[Source "ChessBase"]
[SourceQuality "1"]

1. e4 e5 2. Nf3 Nc6 3. Bb5 g6 4. c3 a6 5. Ba4 Bg7 6. O-O Nge7 7. d4 exd4 8. cxd4 b5 9. Bb3 Na5 10. Bc2 O-O 11. Nc3 d6 12. d5 Nc4 13. a3 h6 14. h3 f5 15. Nd4 fxe4 16. Bxe4 Nf5 17. Ne6 Bxe6 18. dxe6 Rb8 19. Nd5 c6 20. Bxf5 Rxf5 21. Ne3 Nxe3 22. Bxe3 Qe7 23. Qc2 c5 24. Qe4 d5 25. Qg4 d4 26. Bf4 Rbf8 27. Bg3 Qxe6 28. Rfe1 Qf7 29. Re2 d3 30. Rd2 c4 31. Rc1 h5 32. Qe4 Bh6 33. f4 Bxf4 34. Bxf4 Rxf4 35. Qc6 Rf1+ 36. Rxf1 Qxf1+ 37. Kh2 Qf4+ 38. Kh1 Kg7 39. Rd1 Rf6 40. Qd7+ Rf7 41. Qc6 Qf6 42. Qd5 Qxb2 43. a4 Qe2 44. Rg1 d2 45. axb5 axb5 46. Qd4+ Kh7 47. Qd5 Qf2 48. Rd1 c3 49. Qd3 Qe1+ 0-1

[Event "FIDE WCC Blitz Women 2019"]
[Site "Moscow"]
[Date "2019.12.30"]
[Round "12.7"]
[White "Arabidze, Meri"]
[Black "Charochkina, Daria"]
[Result "1-0"]
[WhiteElo "2412"]
[BlackElo "2212"]
[Annotator "NA"]
[PlyCount "66"]
[EventDate "2019.12.29"]
[EventType "swiss"]
[EventCountry "RUS"]
[SourceTitle "playchess.com"]
[Source "ChessBase"]
[SourceQuality "1"]

1. Nf3 d5 2. d4 Nf6 3. c4 c6 4. Nc3 e6 5. e3 Nbd7 6. Qc2 Bd6 7. Be2 dxc4 8. a4 O-O 9. O-O c5 10. Bxc4 cxd4 11. exd4 b6 12. d5 e5 13. Bg5 h6 14. Bh4 Qe8 15. Rfe1 Bb7 16. Nb5 Qe7 17. Nfd4 e4 18. Nf5 Bxh2+ 19. Kxh2 Qe5+ 20. Ng3 g5 21. Kg1 Rfe8 22. Bxg5 hxg5 23. Nc3 Rac8 24. Bb5 a6 25. Bxd7 Nxd7 26. Rxe4 Qf6 27. Rae1 Rxe4 28. Ngxe4 Qg6 29. Qd2 g4 30. Qd4 Re8 31. Re3 f5 32. Ng3 Rxe3 33. fxe3 Qg5 1-0

[Event "FIDE WCC Blitz Women 2019"]
[Site "Moscow"]
[Date "2019.12.30"]
[Round "12.8"]
[White "Lei, Tingjie"]
[Black "Gunina, Valentina"]
[Result "1-0"]
[WhiteElo "2543"]
[BlackElo "2366"]
[Annotator "ChessBase"]
[PlyCount "133"]
[EventDate "2019.12.29"]
[EventType "swiss"]
[EventCountry "RUS"]
[SourceTitle "playchess.com"]
[Source "ChessBase"]
[SourceQuality "1"]

1. e4 c6 2. d4 d5 3. exd5 cxd5 4. Bd3 Nc6 5. c3 Qc7 6. Ne2 Bg4 7. O-O e6 8. Re1 Bd6 9. h3 Bh5 10. Nd2 Nge7 11. Nf1 O-O 12. Qc2 Bg6 13. Bg5 Nb4 14. cxb4 Qxc2 15. Bxc2 Bxc2 16. a3 Rac8 17. Rac1 h6 18. Bd2 Bd3 19. Ne3 b6 20. Bc3 Ng6 21. Rcd1 Bb5 22. Nc1 Ba4 23. Rd2 Nf4 24. Nd3 Nxd3 25. Rxd3 Rc7 26. g3 Rfc8 27. Kg2 g6 28. Nd1 Kg7 29. Rd2 Bb3 30. Re3 Be7 31. Re1 Bg5 32. f4 Be7 33. Kf3 g5 34. Rg1 Bd6 35. Re1 Rg8 36. Rg1 Kh7 37. Re1 Rg6 38. Rf1 Rc8 39. fxg5 Rxg5 40. g4 f5 41. Ne3 fxg4+ 42. hxg4 Rf8+ 43. Kg2 Rxf1 44. Kxf1 Bf4 45. Ke2 h5 46. gxh5 Rg3 47. Rd3 Rh3 48. Bd2 Rxh5 49. Rxb3 e5 50. dxe5 Rxe5 51. Kf3 Bh6 52. Rd3 Rh5 53. Nf1 Rh3+ 54. Ke2 Rh5 55. Bxh6 Kxh6 56. Rd2 Kg6 57. Ne3 Kf7 58. Nxd5 Rh3 59. Ne3 Ke6 60. Kd3 Kd7 61. Rg2 Kc6 62. a4 Rh4 63. Rg6+ Kd7 64. Nd5 Kc8 65. b3 Kb7 66. Rg7+ Kc6 67. Ne7+ 1-0

[Event "FIDE WCC Blitz Women 2019"]
[Site "Moscow"]
[Date "2019.12.30"]
[Round "12.9"]
[White "Batsiashvili, Nino"]
[Black "Stefanova, Antoaneta"]
[Result "0-1"]
[WhiteElo "2259"]
[BlackElo "2452"]
[Annotator "ChessBase"]
[PlyCount "138"]
[EventDate "2019.12.29"]
[EventType "swiss"]
[EventCountry "RUS"]
[SourceTitle "playchess.com"]
[Source "ChessBase"]
[SourceQuality "1"]

1. c4 e6 2. Nf3 d5 3. g3 dxc4 4. Bg2 Nd7 5. O-O a6 6. a4 Rb8 7. a5 b5 8. axb6 cxb6 9. Nd4 Ne7 10. b3 cxb3 11. Ba3 Nc5 12. Nxb3 Nd5 13. Nxc5 Bxc5 14. Bxc5 bxc5 15. Qa4+ Qd7 16. Qa3 Nb4 17. Rc1 Bb7 18. Bxb7 Qxb7 19. Rxc5 O-O 20. Rc4 Rfc8 21. Rxc8+ Rxc8 22. Qb2 h5 23. Nc3 h4 24. Rb1 a5 25. Ra1 h3 26. f3 Qa7+ 27. Kf1 Rb8 28. Qc1 Nc6 29. Qa3 Qd4 30. Qc1 Qd6 31. Ra4 Rb4 32. Rxb4 axb4 33. Na4 Nd4 34. Qc5 Qxc5 35. Nxc5 b3 36. Nd3 f6 37. e3 Nxf3 38. Nb2 Nxh2+ 39. Kf2 Ng4+ 40. Kg1 Ne5 41. Kh2 Nf3+ 42. Kxh3 Nxd2 43. Kg2 g5 44. Kf2 f5 45. Ke2 Ne4 46. Kf3 Kf7 47. g4 Kf6 48. gxf5 exf5 49. Nd3 g4+ 50. Kg2 Kg5 51. Kf1 Nc3 52. Kg2 Nd5 53. Kf2 Nb4 54. Nb2 Kf6 55. Ke2 Ke5 56. Nc4+ Kd5 57. Nb2 Ke4 58. Nc4 Kd5 59. Nb2 Nc6 60. Kd2 g3 61. Ke2 Ne5 62. Nd1 Nc4 63. Kf3 b2 64. Kxg3 Ke5 65. Nc3 Nxe3 66. Kf3 Nc4 67. Ke2 Na3 68. Kd2 b1=Q 69. Nxb1 Nxb1+ 0-1

[Event "FIDE WCC Blitz Women 2019"]
[Site "Moscow"]
[Date "2019.12.30"]
[Round "12.10"]
[White "Fataliyeva, Ulviyya"]
[Black "Dzagnidze, Nana"]
[Result "0-1"]
[WhiteElo "2108"]
[BlackElo "2432"]
[Annotator "NA"]
[PlyCount "58"]
[EventDate "2019.12.29"]
[EventType "swiss"]
[EventCountry "RUS"]
[SourceTitle "playchess.com"]
[Source "ChessBase"]
[SourceQuality "1"]

1. Nf3 c5 2. b3 Nc6 3. Bb2 Nf6 4. g3 d6 5. Bg2 e5 6. O-O Be7 7. c4 h6 8. Nc3 O-O 9. Ne1 Be6 10. f4 Qc8 11. Nd5 Re8 12. Nxe7+ Rxe7 13. Bxc6 Qxc6 14. fxe5 dxe5 15. Bxe5 Ne4 16. d3 Bh3 17. Nf3 Ng5 18. Bc3 Bxf1 19. Qxf1 Nxf3+ 20. exf3 Rae8 21. d4 cxd4 22. Bxd4 b6 23. Rd1 Re2 24. a4 Rc2 25. Re1 Rxe1 26. Qxe1 Qxf3 27. Bf2 Re2 28. Qf1 Rd2 29. Qe1 Rd1 0-1

[Event "FIDE WCC Blitz Women 2019"]
[Site "Moscow"]
[Date "2019.12.30"]
[Round "12.11"]
[White "Sargsyan, Anna"]
[Black "Muzychuk, Mariya"]
[Result "1-0"]
[WhiteElo "1708"]
[BlackElo "2344"]
[Annotator "NA"]
[PlyCount "81"]
[EventDate "2019.12.29"]
[EventType "swiss"]
[EventCountry "RUS"]
[SourceTitle "playchess.com"]
[Source "ChessBase"]
[SourceQuality "1"]

1. e4 c5 2. Nf3 e6 3. c3 d5 4. exd5 Qxd5 5. d4 Nf6 6. Be2 Be7 7. O-O O-O 8. c4 Qd6 9. Nc3 cxd4 10. Nxd4 Nc6 11. Be3 Bd7 12. Ncb5 Qb8 13. Qd2 Rd8 14. Qc2 a6 15. Nc3 Nxd4 16. Bxd4 b5 17. Bf3 Bc8 18. Bxf6 Bxf6 19. Bxa8 Qxa8 20. Rad1 bxc4 21. Ne4 Be7 22. Rxd8+ Bxd8 23. Nd6 Bd7 24. Qxc4 Be7 25. Rd1 Bc6 26. Qf4 Bf6 27. f3 Bd5 28. b3 Qb8 29. g3 h6 30. Ne4 Qb6+ 31. Kg2 Be7 32. Qd2 Qb7 33. Qd4 Qb5 34. Nc3 Qa5 35. Nxd5 exd5 36. Qxd5 Qxa2+ 37. Rd2 Qa1 38. Qa8+ Kh7 39. Qe4+ g6 40. Qxe7 Kg7 41. Re2 1-0

[Event "FIDE WCC Blitz Women 2019"]
[Site "Moscow"]
[Date "2019.12.30"]
[Round "12.12"]
[White "Shuvalova, Polina"]
[Black "Krush, Irina"]
[Result "0-1"]
[WhiteElo "2302"]
[BlackElo "2371"]
[Annotator "NA"]
[PlyCount "106"]
[EventDate "2019.12.29"]
[EventType "swiss"]
[EventCountry "RUS"]
[SourceTitle "playchess.com"]
[Source "ChessBase"]
[SourceQuality "1"]

1. e4 c5 2. Nf3 d6 3. Bb5+ Nd7 4. Ba4 Ngf6 5. O-O a6 6. c4 g6 7. Nc3 Bg7 8. d3 O-O 9. h3 Rb8 10. Rb1 Ne8 11. Be3 Nc7 12. d4 b5 13. Bb3 b4 14. Nd5 e6 15. Bg5 f6 16. Nxc7 Qxc7 17. Be3 Bb7 18. Bc2 cxd4 19. Nxd4 Nc5 20. f3 e5 21. Nb3 f5 22. Qd2 f4 23. Bf2 a5 24. Rfd1 Rbd8 25. Kh1 g5 26. Qe2 h5 27. a3 Bf6 28. axb4 axb4 29. Qe1 Qb6 30. Qg1 Be7 31. Rd2 Qc7 32. Rbd1 Ba6 33. Nxc5 dxc5 34. b3 Bb7 35. Rd5 Bxd5 36. exd5 Bd6 37. Qe1 Ra8 38. Qe4 Qg7 39. Kh2 Ra2 40. Bg1 g4 41. Bb1 Rb2 42. fxg4 hxg4 43. Kh1 gxh3 44. gxh3 Rf6 45. Qf3 Rh6 46. Bf2 Qg5 47. Rg1 Rxb1 48. Rxb1 Qf5 49. Rg1+ Kf7 50. Kh2 e4 51. Qg4 f3+ 52. Bg3 Qxg4 53. Bxd6 Qxh3# 0-1

[Event "FIDE WCC Blitz Women 2019"]
[Site "Moscow"]
[Date "2019.12.30"]
[Round "12.13"]
[White "Zhukova, Natalia"]
[Black "Guichard, Pauline"]
[Result "1/2-1/2"]
[WhiteElo "2239"]
[BlackElo "2335"]
[Annotator "NA"]
[PlyCount "124"]
[EventDate "2019.12.29"]
[EventType "swiss"]
[EventCountry "RUS"]
[SourceTitle "playchess.com"]
[Source "ChessBase"]
[SourceQuality "1"]

1. c4 Nf6 2. Nc3 e6 3. e4 d5 4. e5 d4 5. exf6 dxc3 6. bxc3 Qxf6 7. d4 b6 8. Be2 Bb7 9. Bf3 Bxf3 10. Nxf3 Bd6 11. Qa4+ Nd7 12. O-O Qd8 13. c5 bxc5 14. dxc5 Bxc5 15. Bg5 f6 16. Bf4 O-O 17. Rad1 Nb6 18. Qc6 Qe7 19. Rfe1 e5 20. Bxe5 fxe5 21. Rxe5 Bxf2+ 22. Kf1 Qf6 23. Qxf6 gxf6 24. Re7 Bc5 25. Rxc7 Rfc8 26. Rb7 Rd8 27. Rxd8+ Rxd8 28. Rxa7 Nd5 29. Ra5 Bb6 30. Rb5 Ba7 31. c4 Ne3+ 32. Ke2 Nxc4 33. Rb7 Bd4 34. Rb4 Re8+ 35. Kd3 Ne5+ 36. Kxd4 Nxf3+ 37. gxf3 Re2 38. a4 Rxh2 39. a5 Ra2 40. Rb8+ Kg7 41. Ra8 h5 42. a6 h4 43. Ra7+ Kg6 44. Ra8 Kg7 45. Ra7+ Kg6 46. Ra8 Kf5 47. Ke3 h3 48. Rh8 h2 49. a7 Rxa7 50. Rxh2 Ra3+ 51. Kf2 Ra2+ 52. Kg3 Rxh2 53. Kxh2 Kf4 54. Kg2 Ke3 55. Kg3 f5 56. f4 Ke4 57. Kg2 Ke3 58. Kg3 Ke4 59. Kg2 Kxf4 60. Kf2 Ke4 61. Ke2 f4 62. Kf2 Ke5 1/2-1/2

[Event "FIDE WCC Blitz Women 2019"]
[Site "Moscow"]
[Date "2019.12.30"]
[Round "12.14"]
[White "Ushenina, Anna"]
[Black "Socko, Monika"]
[Result "1/2-1/2"]
[WhiteElo "2424"]
[BlackElo "2286"]
[Annotator "NA"]
[PlyCount "100"]
[EventDate "2019.12.29"]
[EventType "swiss"]
[EventCountry "RUS"]
[SourceTitle "playchess.com"]
[Source "ChessBase"]
[SourceQuality "1"]

1. d4 Nf6 2. Nf3 e6 3. Bf4 d5 4. e3 Bd6 5. Bxd6 Qxd6 6. c4 O-O 7. Nc3 b6 8. cxd5 exd5 9. Be2 Ba6 10. Bxa6 Nxa6 11. Qa4 Nb8 12. O-O Nbd7 13. Rfd1 a6 14. Rac1 Rfd8 15. Rc2 c5 16. dxc5 Nxc5 17. Qa3 Qe6 18. h3 Nfe4 19. b4 Nxc3 20. Qxc3 Ne4 21. Qd4 h6 22. Rdc1 Rac8 23. Rxc8 Rxc8 24. Rxc8+ Qxc8 25. Qxb6 Qc1+ 26. Kh2 Nxf2 27. Qd8+ Kh7 28. Qxd5 Qxe3 29. Qd4 Qe2 30. a4 Nd1 31. Qd2 Qxd2 32. Nxd2 Nc3 33. Nb3 Nxa4 34. Nc5 Nb6 35. Nxa6 g5 36. Nc5 Kg6 37. Kg3 f5 38. Nd3 f4+ 39. Kf3 Kf5 40. Nc5 h5 41. b5 g4+ 42. hxg4+ hxg4+ 43. Kf2 Ke5 44. Nd3+ Ke4 45. Nc5+ Kf5 46. Nd3 Nd5 47. Nc5 Nb6 48. Nd3 Nd5 49. Nc5 Nb6 50. Nd3 Nd5 1/2-1/2

[Event "FIDE WCC Blitz Women 2019"]
[Site "Moscow"]
[Date "2019.12.30"]
[Round "12.15"]
[White "Maltsevskaya, Aleksandra"]
[Black "Saduakassova, Dinara"]
[Result "0-1"]
[WhiteElo "2280"]
[BlackElo "2390"]
[Annotator "NA"]
[PlyCount "62"]
[EventDate "2019.12.29"]
[EventType "swiss"]
[EventCountry "RUS"]
[SourceTitle "playchess.com"]
[Source "ChessBase"]
[SourceQuality "1"]

1. Nf3 c5 2. g3 Nf6 3. Bg2 g6 4. d3 Bg7 5. O-O Nc6 6. e4 e5 7. Nc3 O-O 8. a3 d6 9. b4 b6 10. Rb1 h6 11. Ne2 Be6 12. c4 a5 13. bxc5 bxc5 14. Nc3 Nd4 15. Nxd4 cxd4 16. Nd5 Bxd5 17. cxd5 Nd7 18. a4 Nc5 19. Ba3 Qc7 20. Qc2 Rfc8 21. Rfc1 Qd7 22. Rb6 Nxa4 23. Rc6 Nc3 24. Rxd6 Ne2+ 25. Qxe2 Rxc1+ 26. Bf1 Qc7 27. Qb2 Rc3 28. Rb6 Rc2 29. Qb1 Qc3 30. Rb3 Qd2 31. Bh3 Qxf2+ 0-1

[Event "FIDE WCC Blitz Women 2019"]
[Site "Moscow"]
[Date "2019.12.30"]
[Round "12.16"]
[White "Buksa, Nataliya"]
[Black "Balaian, Alina"]
[Result "0-1"]
[WhiteElo "2356"]
[BlackElo "2173"]
[Annotator "NA"]
[PlyCount "48"]
[EventDate "2019.12.29"]
[EventType "swiss"]
[EventCountry "RUS"]
[SourceTitle "playchess.com"]
[Source "ChessBase"]
[SourceQuality "1"]

1. e4 e6 2. d4 d5 3. Nd2 Nf6 4. e5 Nfd7 5. Bd3 c5 6. c3 Nc6 7. Ngf3 Be7 8. O-O g5 9. dxc5 g4 10. Nd4 Ndxe5 11. Bb5 Bd7 12. N2b3 h5 13. Bf4 Ng6 14. Be3 e5 15. Ne2 a6 16. Ba4 Bf5 17. Qd2 Nh4 18. Ng3 Be6 19. Bh6 f5 20. Rae1 Qc7 21. Bg7 O-O-O 22. Bxc6 Qxc6 23. Bxe5 d4 24. Nxd4 Qxg2# 0-1

[Event "FIDE WCC Blitz Women 2019"]
[Site "Moscow"]
[Date "2019.12.30"]
[Round "12.17"]
[White "Goltseva, Ekaterina"]
[Black "Heinemann, Josefine"]
[Result "0-1"]
[WhiteElo "2143"]
[BlackElo "2325"]
[Annotator "NA"]
[PlyCount "74"]
[EventDate "2019.12.29"]
[EventType "swiss"]
[EventCountry "RUS"]
[SourceTitle "playchess.com"]
[Source "ChessBase"]
[SourceQuality "1"]

1. d4 Nf6 2. c4 g6 3. Nc3 d5 4. cxd5 Nxd5 5. e4 Nxc3 6. bxc3 Bg7 7. Nf3 c5 8. Rb1 O-O 9. Be2 cxd4 10. cxd4 Qa5+ 11. Bd2 Qxa2 12. O-O Bg4 13. Bg5 h6 14. Bh4 g5 15. Bg3 Nc6 16. d5 Bxf3 17. Bxf3 Nd4 18. Rxb7 Qa3 19. Bh5 a5 20. e5 Nf5 21. e6 fxe6 22. dxe6 Nxg3 23. Bf7+ Kh8 24. hxg3 Qc5 25. Qe2 a4 26. Rb5 Qd6 27. Rd1 Qa6 28. Rdd5 a3 29. Qa2 Rfc8 30. Kh2 Qa4 31. Rxg5 hxg5 32. Qe2 Qc2 33. Qg4 Qh7+ 34. Bh5 a2 35. Rxg5 a1=Q 36. Qh4 Bf6 37. f4 Bxg5 0-1

[Event "FIDE WCC Blitz Women 2019"]
[Site "Moscow"]
[Date "2019.12.30"]
[Round "12.18"]
[White "Mkrtchian, Lilit"]
[Black "Bulmaga, Irina"]
[Result "0-1"]
[WhiteElo "2268"]
[BlackElo "2308"]
[Annotator "NA"]
[PlyCount "104"]
[EventDate "2019.12.29"]
[EventType "swiss"]
[EventCountry "RUS"]
[SourceTitle "playchess.com"]
[Source "ChessBase"]
[SourceQuality "1"]

1. c4 Nf6 2. Nc3 e5 3. g3 Nc6 4. Bg2 Bc5 5. e3 d5 6. cxd5 Nb4 7. d4 exd4 8. exd4 Be7 9. Nge2 Nbxd5 10. O-O O-O 11. Bg5 c6 12. Re1 h6 13. Bxf6 Nxf6 14. Nf4 Bd6 15. Qd2 Qc7 16. Nd3 Bf5 17. Ne5 Rad8 18. Qf4 Bh7 19. Rac1 Qb6 20. Re2 a6 21. Qe3 Qc7 22. Nc4 Rfe8 23. Qd2 Rxe2 24. Qxe2 Re8 25. Qd2 Qe7 26. Ne3 Bb4 27. a3 Ba5 28. b4 Bb6 29. Na4 Ba7 30. Nc5 Rd8 31. Qc3 Ne4 32. Qc4 Bb8 33. Re1 Nd6 34. Qa2 Nb5 35. d5 cxd5 36. Qa1 d4 37. Nc4 Qf6 38. Nxb7 Rc8 39. Nc5 Nc3 40. Nxa6 Qxa6 41. Na5 Ne2+ 42. Kh1 d3 43. Qd1 Be5 44. Bb7 Qb5 45. Qd2 Rc7 46. Bg2 Bc3 47. Qe3 Qe5 48. Rd1 Qxe3 49. fxe3 Bb2 50. Nc6 Nc3 51. Rd2 Bxa3 52. e4 Rxc6 0-1

[Event "FIDE WCC Blitz Women 2019"]
[Site "Moscow"]
[Date "2019.12.30"]
[Round "12.19"]
[White "Mammadova, Gulnar"]
[Black "Gvetadze, Sofio"]
[Result "1-0"]
[WhiteElo "2293"]
[BlackElo "2202"]
[Annotator "NA"]
[PlyCount "95"]
[EventDate "2019.12.29"]
[EventType "swiss"]
[EventCountry "RUS"]
[SourceTitle "playchess.com"]
[Source "ChessBase"]
[SourceQuality "1"]

1. e4 c5 2. Nf3 g6 3. c3 Bg7 4. d4 cxd4 5. cxd4 d5 6. e5 a6 7. h3 Nc6 8. Nc3 f6 9. exf6 Nxf6 10. Bd3 O-O 11. O-O Nh5 12. Qe2 Kh8 13. Be3 e5 14. dxe5 d4 15. Bg5 Qe8 16. Nd5 Qf7 17. Nb6 Be6 18. Nxa8 Rxa8 19. Rac1 Rf8 20. Bc4 h6 21. Bxe6 Qxe6 22. Bd2 Nf4 23. Bxf4 Rxf4 24. Rfe1 Kh7 25. Qc4 Qf5 26. Qd5 Nb4 27. Qb3 Nd3 28. e6 Rxf3 29. gxf3 Nxc1 30. Qd1 Nd3 31. e7 Nf4 32. Re4 Qg5+ 33. Kf1 Qg2+ 34. Ke1 Qg1+ 35. Kd2 Qxf2+ 36. Re2 Nxe2 37. Qxe2 Qg1 38. e8=Q Qb1 39. Qd3 Qxb2+ 40. Ke1 Qc1+ 41. Kf2 Qg5 42. Qee4 h5 43. h4 Qf6 44. a4 Qb6 45. a5 Qb2+ 46. Kg3 Kh8 47. Qe8+ Kh7 48. Qdxg6# 1-0

[Event "FIDE WCC Blitz Women 2019"]
[Site "Moscow"]
[Date "2019.12.30"]
[Round "12.20"]
[White "Diakonova, Ekaterina"]
[Black "Gaponenko, Inna"]
[Result "0-1"]
[WhiteElo "2090"]
[BlackElo "2415"]
[Annotator "NA"]
[PlyCount "64"]
[EventDate "2019.12.29"]
[EventType "swiss"]
[EventCountry "RUS"]
[SourceTitle "playchess.com"]
[Source "ChessBase"]
[SourceQuality "1"]

1. e4 d6 2. d4 Nf6 3. Nc3 g6 4. f4 Bg7 5. Nf3 O-O 6. Be3 Nc6 7. Be2 e5 8. fxe5 dxe5 9. d5 Ng4 10. Bg1 Ne7 11. h3 Nh6 12. Qd2 f6 13. O-O-O Nf7 14. Be3 a6 15. g4 b5 16. Rdg1 c6 17. Rd1 cxd5 18. Nxd5 Nxd5 19. exd5 Bb7 20. a4 Qd7 21. a5 Rac8 22. b4 Nd6 23. Bc5 Ne4 24. Qe3 Nxc5 25. bxc5 Qc7 26. c6 Ba8 27. Qb6 Qd6 28. Qxa6 e4 29. Nd4 Qxd5 30. Nf5 Qc5 31. Nd6 Rxc6 32. Qxb5 Qxc2# 0-1

[Event "FIDE WCC Blitz Women 2019"]
[Site "Moscow"]
[Date "2019.12.30"]
[Round "12.21"]
[White "Khademalsharieh, Sarasadat"]
[Black "Bivol, Alina"]
[Result "1-0"]
[WhiteElo "2463"]
[BlackElo "2186"]
[Annotator "ChessBase"]
[PlyCount "81"]
[EventDate "2019.12.29"]
[EventType "swiss"]
[EventCountry "RUS"]
[SourceTitle "playchess.com"]
[Source "ChessBase"]
[SourceQuality "1"]

1. d4 Nf6 2. Nf3 g6 3. c4 Bg7 4. g3 O-O 5. Bg2 d6 6. O-O Nbd7 7. Nc3 e5 8. e4 exd4 9. Nxd4 Re8 10. Re1 Nc5 11. h3 Bd7 12. Rb1 a5 13. b3 Qc8 14. Kh2 h5 15. Bg5 Nh7 16. Be3 Nf6 17. f3 Kh7 18. Qd2 a4 19. b4 Ne6 20. Nd5 Nxd5 21. cxd5 Nxd4 22. Bxd4 Bh6 23. f4 Qd8 24. Rbc1 Rc8 25. Rc2 c5 26. bxc5 dxc5 27. Rxc5 Rxc5 28. Bxc5 Qc7 29. Be3 Qd6 30. e5 Qa3 31. d6 b5 32. Bd5 Rf8 33. Rc1 b4 34. Rc7 b3 35. axb3 axb3 36. Rb7 Ba4 37. Bxf7 Bg7 38. Bd5 Qa1 39. Bxb3 Bxb3 40. Rxb3 Ra8 41. d7 1-0

[Event "FIDE WCC Blitz Women 2019"]
[Site "Moscow"]
[Date "2019.12.30"]
[Round "12.22"]
[White "Gevorgyan, Maria"]
[Black "Girya, Olga"]
[Result "0-1"]
[WhiteElo "2244"]
[BlackElo "2337"]
[Annotator "NA"]
[PlyCount "86"]
[EventDate "2019.12.29"]
[EventType "swiss"]
[EventCountry "RUS"]
[SourceTitle "playchess.com"]
[Source "ChessBase"]
[SourceQuality "1"]

1. e4 c6 2. d4 d5 3. e5 Bf5 4. h4 h5 5. c4 e6 6. Nc3 Ne7 7. Bg5 Qb6 8. b3 Nd7 9. Nge2 f6 10. exf6 gxf6 11. Be3 O-O-O 12. Ng3 Bg6 13. c5 Qc7 14. b4 e5 15. Be2 Bh6 16. Nxh5 Bxe3 17. fxe3 exd4 18. exd4 Rxh5 19. Bxh5 Qg3+ 20. Kf1 Qxc3 21. Bxg6 Nxg6 22. Rh3 Qc4+ 23. Kg1 Nf4 24. Re3 Rg8 25. Qf3 Nxg2 26. Kh1 Nxe3 27. Qxe3 Qc2 28. Rg1 Rxg1+ 29. Qxg1 Qe4+ 30. Kh2 Qxh4+ 31. Kg2 Qg4+ 32. Kf1 Qxg1+ 33. Kxg1 Kd8 34. Kf2 Ke7 35. Kf3 Ke6 36. Kf4 Nf8 37. a4 Ng6+ 38. Kg4 f5+ 39. Kg5 f4 40. Kg4 Kf6 41. b5 a6 42. bxc6 bxc6 43. Kf3 Kf5 0-1

[Event "FIDE WCC Blitz Women 2019"]
[Site "Moscow"]
[Date "2019.12.30"]
[Round "12.23"]
[White "Injac, Teodora"]
[Black "Voit, Daria"]
[Result "1/2-1/2"]
[WhiteElo "2236"]
[BlackElo "2293"]
[Annotator "NA"]
[PlyCount "79"]
[EventDate "2019.12.29"]
[EventType "swiss"]
[EventCountry "RUS"]
[SourceTitle "playchess.com"]
[Source "ChessBase"]
[SourceQuality "1"]

1. d4 Nf6 2. Nf3 e6 3. e3 b6 4. Bd3 Bb7 5. O-O d5 6. b3 Be7 7. c4 O-O 8. cxd5 Nxd5 9. Bb2 Nd7 10. Nc3 c5 11. Nxd5 Bxd5 12. Rc1 Rc8 13. Ba6 Rc7 14. Qe2 Bf6 15. Rfd1 cxd4 16. e4 Ba8 17. Nxd4 Rxc1 18. Bxc1 Qb8 19. Nxe6 fxe6 20. Rxd7 Qe5 21. g3 Bxe4 22. Bf4 Qf5 23. Bd3 Bxd3 24. Qxd3 Qxd3 25. Rxd3 Rd8 26. Rxd8+ Bxd8 27. Kg2 Kf7 28. Kf3 a6 29. Ke4 Bf6 30. Be5 Ke7 31. f4 Kf7 32. g4 Be7 33. Bd4 b5 34. a4 bxa4 35. bxa4 g6 36. Be5 Bc5 37. Bd4 Bd6 38. Be5 Bc5 39. Bd4 Bd6 40. Be5 1/2-1/2